000
00313nam a22001457a 4500
008
221114b ||||| |||| 00| 0 eng d
020
_a
9780195131994
041
_a
eng
080
_a
32
082
_a
32MAC
100
_a
21.1
101
_a
SHKP
245
_a
CELIBERATIVE POLITICS
_c
MACEDO S
942
_2
udc
_c
BK
999
_c
58885
_d
58885